000 00384nam a2200145 i 4500
001 bg
100 1 _aROMAŃSKA, A.
245 0 _aSpecjalizacja zbiorów bibliotecznych :
_bzagadnienia metodyczne /
_cA. Romańska, A. Sitarska.
260 _aWarszawa,
_c1984.
700 1 _aSITARSKA, A.
040 _cBPK
041 _apol
942 _cKS
008 s pl f |000 0 pol
999 _c23589
_d23589
856 _uhttp://koha.tu.koszalin.pl/cgi-bin/koha/opac-detail.pl?biblionumber=23589
_yKatalog online BPK